[Event "Mittelrhein Verbandsliga-W 15/16"]
[Site "Nordrheinwestfalen"]
[Date "2015.12.13"]
[Round "5.3"]
[White "Schulz, Wilhelm"]
[Black "Fischer, Oliver"]
[Result "1-0"]
[WhiteElo "1983"]
[BlackElo "1867"]
[PlyCount "79"]
[EventDate "2015.09.06"]
[EventType "team-tourn"]
[EventRounds "11"]
[EventCountry "GER"]
[SourceTitle "EXT 2022"]
[Source "ChessBase"]
[SourceDate "2021.10.06"]
[SourceVersion "1"]
[SourceVersionDate "2021.10.06"]
[SourceQuality "1"]
[WhiteTeam "Horrem"]
[BlackTeam "Bruehl II"]
[WhiteTeamCountry "GER"]
[BlackTeamCountry "GER"]

1. d4 d5 2. c4 dxc4 3. e3 Nf6 4. Bxc4 e6 5. Nc3 c5 6. Nf3 a6 7. a4 Nc6 8. 0-0 Be7 9. Ne5 Qc7 10. Nxc6 bxc6 11. dxc5 Bxc5 12. e4 0-0 13. Qf3 Nd7 14. Bf4 Bd6 15. Bxd6 Qxd6 16. Qe3 Qb4 17. Be2 a5 18. Rfd1 e5 19. Rd2 Rb8 20. h4 Nc5 21. Rc2 Nb3 22. Ra3 Nd4 23. Rd2 Be6 24. Bd1 Rfd8 25. Kh2 Rd7 26. f4 exf4 27. Qxf4 Rbd8 28. Rf2 Qc5 29. Ra1 f6 30. g3 Nb3 31. Bxb3 Bxb3 32. Re1 Re7 33. Ree2 Rde8 34. Rd2 Qc4 35. Qd6 Bxa4 36. Rd4 Qb3 37. Rxa4 Qb6 38. Qd4 c5 39. Qc4+ Re6 40. Nd5 1-0

[Event "Mittelrhein Verbandsliga Ost 1314"]
[Site "Mittelrhein"]
[Date "2014.03.09"]
[Round "8.5"]
[White "Fischer, Oliver"]
[Black "Gassmann, Peter"]
[Result "1-0"]
[WhiteElo "1865"]
[BlackElo "1911"]
[PlyCount "131"]
[EventDate "2013.09.15"]
[EventType "team-tourn"]
[EventRounds "11"]
[EventCountry "GER"]
[SourceTitle "EXT 2023"]
[Source "ChessBase"]
[SourceDate "2022.10.05"]
[SourceVersion "1"]
[SourceVersionDate "2022.10.05"]
[SourceQuality "1"]
[WhiteTeam "Bruehl II"]
[BlackTeam "Siegburg"]
[WhiteTeamCountry "GER"]
[BlackTeamCountry "GER"]

1. e4 e5 2. Nf3 Nc6 3. Bc4 Nf6 4. d3 h6 5. c3 d6 6. Bb3 Bg4 7. h3 Bh5 8. Nbd2 Be7 9. Nf1 d5 10. Qe2 d4 11. Ng3 Bxf3 12. Qxf3 g6 13. 0-0 Qd7 14. Rd1 Rh7 15. Ba4 0-0-0 16. cxd4 exd4 17. Bd2 Kb8 18. Qe2 Qd6 19. Rdc1 Nd7 20. Bxc6 bxc6 21. Qd1 c5 22. b4 Qa6 23. bxc5 Nxc5 24. Bb4 Qxd3 25. Qxd3 Nxd3 26. Bxe7 Rd7 27. Rcb1+ Kc8 28. Bf6 Rd6 29. e5 Re6 30. Rd1 Nxe5 31. Bxe5 Rxe5 32. Rxd4 f5 33. Rad1 Rhe7 34. Nf1 g5 35. Rd5 Re2 36. R1d2 Re1 37. Rd1 R1e2 38. R5d2 R2e5 39. Ne3 f4 40. Nc2 Ra5 41. Nd4 Rf7 42. Nb3 Ra3 43. f3 Re7 44. Kf2 Rh7 45. Nc5 Rh8 46. Re1 Rc3 47. Ne4 Rc6 48. Ree2 Rh7 49. Rc2 Rb6 50. Rc4 Rf7 51. Rec2 Re7 52. Rc6 Kb7 53. Rxb6+ axb6 54. Ke2 Rd7 55. Rd2 Re7 56. Kd3 Re6 57. Kc2 Kc8 58. Rd5 Re7 59. Rf5 Kd7 60. Rf6 Rh7 61. Rxb6 cxb6 62. Nf6+ Ke7 63. Nxh7 Kf7 64. Kd3 Kg7 65. Nxg5 hxg5 66. Ke4 1-0